International Short Stories : (Record no. 262101)
[ view plain ]
| 000 -LEADER | |
|---|---|
| fixed length control field | 01591cam a22002413a 4500 |
| 001 - CONTROL NUMBER | |
| control field | 32846 |
| 003 - CONTROL NUMBER IDENTIFIER | |
| control field | PGUSA |
| 005 - DATE AND TIME OF LATEST TRANSACTION | |
| control field | 20140828083718.0 |
| 008 - FIXED-LENGTH DATA ELEMENTS--GENERAL INFORMATION | |
| fixed length control field | 100616s2010||||xxu|||||s|||||000 | eng d |
| 040 ## - CATALOGING SOURCE | |
| Original cataloging agency | PGUSA |
| Language of cataloging | eng |
| 042 ## - AUTHENTICATION CODE | |
| Authentication code | dc |
| 050 #4 - LIBRARY OF CONGRESS CALL NUMBER | |
| Classification number | PR |
| 245 10 - TITLE STATEMENT | |
| Title | International Short Stories : |
| Remainder of title | English |
| Medium | [electronic resource] |
| 260 ## - PUBLICATION, DISTRIBUTION, ETC. (IMPRINT) | |
| Name of publisher, distributor, etc | Project Gutenberg, |
| Date of publication, distribution, etc | 2010 |
| 505 0# - FORMATTED CONTENTS NOTE | |
| Formatted contents note | The two drovers / Sir W. Scott -- Mr. Deuceace / W.M. Thackeray -- The brothers / E. Bulwer Lytton -- Doctor Manette's manuscript / C. Dickens -- The caldron of oil / W. Collins -- The burial of the tithe / S. Lover -- The Knightsbridge myster / C. Reade -- The courting of Dinah Shadd / R. Kipling -- The Sire de Maletroit's door / R.L. Stevenson -- The secret of Goresthorpe Grange / Sir A. Conan Doyle -- A change of treatment / W.W. Jacobs -- The Stickit Minister / S.R. Crockett -- The Lammas preaching / S.R. Crockett -- The undergraduate's aunt / F. Anstey -- The silhouettes / A.T. Quiller-Couch -- My brother Henry / J.M. Barrie -- Gilray's flower pot / J.M. Barrie -- Mr. O'Leary's second love / C. Lever -- The indifference of the miller of Hofbau / A.H. Hawkins -- The stolen body / H.G. Wells -- The lazarette of the "Huntress" / W.C. Russell -- The great triangular duel / Capt. F. Marryat -- Three thimbles and a pea / G. Borrow. |
| 506 ## - RESTRICTIONS ON ACCESS NOTE | |
| Terms governing access | Public domain in the USA. |
| 516 ## - TYPE OF COMPUTER FILE OR DATA NOTE | |
| Type of computer file or data note | Electronic text |
| 653 ## - INDEX TERM--UNCONTROLLED | |
| Uncontrolled term | Short stories, English |
| 700 1# - ADDED ENTRY--PERSONAL NAME | |
| Personal name | Patten, William, |
| Dates associated with a name | 1868-1936 |
| 830 #0 - SERIES ADDED ENTRY--UNIFORM TITLE | |
| Uniform title | Project Gutenberg |
| Volume number/sequential designation | 32846 |
| 856 40 - ELECTRONIC LOCATION AND ACCESS | |
| Uniform Resource Identifier | <a href="http://www.gutenberg.org/ebooks/32846">http://www.gutenberg.org/ebooks/32846</a> |
| 942 ## - ADDED ENTRY ELEMENTS (KOHA) | |
| Koha item type | eBooks |
| Withdrawn status | Lost status | Damaged status | Home library | Current library | Date acquired | Total Checkouts | Date last seen | Price effective from | Koha item type |
|---|---|---|---|---|---|---|---|---|---|
| Project Gutenberg | Project Gutenberg | 08/28/2014 | 08/28/2014 | 08/28/2014 | eBooks |